[Event "Turnier 40 / 120"]
[Site "Wien"]
[Date "2022.01.10"]
[Round "15"]
[White "Pewatronic Masterchess SH7034 - 24 MHZ"]
[Black "Mephisto Lyon 68020 - 12 MHZ"]
[Result "0-1"]
[BlackElo "2174"]
[WhiteElo "2162"]

1. e4 e6 2. d4 d5 3. Nc3 Nf6 4. Bg5 Be7 5. e5 Nfd7 6. Bxe7 Qxe7 7. f4 O-O
8. Nf3 c5 9. Bd3 {Buchende} cxd4 {Eine schlechte Eröffnung von Schwarz, lt.
Analyse von Stockfish ist hier ganz klarer Vorteil für Weiss möglich
mittels Lxh7+ mit ca. +1,20 (diesen Zug hat übrigens der Mephisto Lyon
68020 noch in der Bibiothek)} 10. Nxd4 {Buchbewertung Pewatronic: -0,6 /
nach diesem Zug ist die Stellung im Lot} Nc6 {Buchbewertung Mephisto Lyon
68020: +0,09} 11. Qh5? {ein schwacher Zug, dieser Angriff ist verführt und
kann mit g6 Vorteilhaft für Schwarz pariert werden, Stockfish +1,50 für
Schwarz} g6 12. Nxc6 bxc6 13. Qd1 Qb4 14. Qc1 Rb8 15. Rb1 Nc5? {ein
schwacher Zug, der Weiss in die Partie zurück lässt, Stockfish nur noch
+0,50 für Schwarz, nötig war Dc5 um die Rochade von Weiss zu verhindern.}
16. Bf1? {was bitte ist das für ein ANTIPOSSITIONELLER Zug, verliert
praktisch sofort gegen die Fortsetzung f6, Stockfish +3,00 für Schwarz} Ne4
{etwas schwächer als f6, Schwarz bleibt ab ganz klar im Voteil mit ca.
+2,50} 17. a3 Qd4 18. Nd1 {auch nicht ideal, der mächtige schwarze Springer
sollte geschlagen werden.} f6! {richtig} 19. c3 Qb6 20. exf6 Nxf6 {deutlich
besser ist Txf6, Schwarz bleibt aber klar im Vorteil mit ca. +2,30} 21. Bd3
{deutlich mehr Widerstand bietet Le2, Stockfish +4,50 für Schwarz mit der
Fortsetzung e5} Nd7? {halbiert den Vorteil von Schwarz, Stockfish +2,00 für
Schwarz mit der Fortsetzung b4} 22. Qc2? {der nächste Fehlgriff, Stockfish
+4,00 für Schwarz mit der Fortsetzung e5} e5 23. Bxg6 e4 24. Bh5 Rf5? {ein
grottenschlechter Zug, der auf einen Schlag den gesamten Vorteil verspielt,
Stockfish nur noch +0,20 für Schwarz mit der Fortsetzung Le2, gewonnen
hätte Sc5} 25. Bg4? {aber auch der Pewatronic greift neuerlich fehl und
verpasst den Ausgleich, Stockfish +3,00 für Schwarz mit der Fortsetzung
Txf4} Rxf4 26. Be6+ Kf8? {Mephisto Lyon verwirft im letzten Augenblick den
Gewinnzug Kh8, nach diesem Katastrophenzug ist der gesamte Vorteil von
+5,00 im Eimer, Stockfish +0,20 für Schwarz mit der Fortsetzung Dd2} 27.
Qd2 Rf6 {besser ist Dc7, nach dem Textzug ist nun Weiss gar schon im
Vorteil mit +0,40} 28. Bxd7 Bxd7 29. Rf1 Rxf1+ 30. Kxf1 Bf5 31. Qg5 Bg6 32.
Ne3 Kg8 33. Ke1 Rf8 {die Stellung ist im Lot, Stockfish 0,00} 34. h4 Qb8
35. Kd2 Qf4 36. Qxf4 Rxf4 37. g4? {ein schwacher Zug, der Schwarz wieder
klar in Vorteil bringt, Stockfish +1,50 mit der Fortsetzung Tf2+, nötig war
Tf1 mit Ausgleich} Rf2+ 38. Ke1 Rh2 39. Rd1 Rxh4 40. c4 Rh1+ 41. Nf1 Bf7
{deutlich besser ist dxc4, Stockfish +1,00 für Schwarz mit der Fortsetzung
Kf2} 42. cxd5 {deutlich schwächer als Kf2, Stockfish +3,00 für Schwarz mit
der Fortsetzung Lxd5} cxd5? {eindeutig die falsche Schlagoption,
wahrscheinlich hätten viele Geräte diesen Fehler gemacht, die
Bauernstruktur sieht doch eigentlich besser aus nach cxd5, in Wahrheit ist
dieser Zug aber um 2,50 Bauerneinheiten schwächer als Lxd5 und Schwarz ist
nur noch unwesentlich im Vorteil mit ca. +0,50} 43. Rd4? {ein absoluter
Verlustzug, um 4 Bauerneinheiten schlechter als Kf2, nach diesem Zug ist
die Partie praktisch vorbei, Stockfish +4,70 für Schwarz mit der
Fortsetzung Kg7} Rh3 {schwächer als Kg7, sollte aber reichen, Stockfish
+3,40 für Schwarz} 44. Ra4 Rb3 {deutlich stärker ist Le6} 45. Rxa7 Rxb2?
{nach diesem Zug ist wieder der gesamte Vorteil dahin, nötig war Kf8 mit
+3,00 für Schwarz, nach dem Textzug ist Schwarz nur noch unwesentlich im
Vorteil mit ca. +0,30 mit der Fortsetzung Sg3} 46. Ng3 Rb3 47. Nf5 Be6 48.
Nh6+? {ein absoluter Verlustzug, was will der Springer dort am Rand, wo er
vom Läufer nun eingesperrt ist, dieser Zug verliert sofort, Stockfish +4,60
für Schwarz, nötig war natürlich Sd4 und alles ist im Lot} Kf8 49. a4 d4
50. Nf5 Bxf5 51. gxf5 e3 52. Ke2 Rb2+ 53. Kf3 e2 54. Kf2 d3 {Rest
geschenkt} 0-1
[/pgn]
[pgn]

[Event "Turnier 40 / 120"]
[Site "Wien"]
[Date "2022.01.11"]
[Round "16"]
[White "Mephisto Lyon 68020 - 12 MHZ"]
[Black "Pewatronic Masterchess SH7034 - 24 MHZ"]
[Result "0-1"]
[BlackElo "2162"]
[WhiteElo "2174"]

1. c4 c5 2. Nf3 Nf6 3. d4 cxd4 4. Nxd4 e6 5. Nc3 Bb4 {Buchende} 6. Bd2 O-O
{Buchbewertung Pewatronic: +0,3} 7. a3 Bxc3 8. Bxc3 {Buchende} Ne4 9. Qc2
{Buchende} Nxc3 10. Qxc3 {Buchbewertung Mephisto Lyon 68020: +0,03 / lt.
Stockfish ist die Stellung etwa gleich} d5 11. e3 Nc6 12. O-O-O Bd7 13.
cxd5 exd5 14. Nc2 Be6 15. Bd3 {die Stellung ist im Lot, Stockfish 0,00} Rc8
16. Kb1 Qd6 17. Nd4 Ne5 18. Qb3 Nxd3 19. Qxd3 Rc5 20. b4 Qb6 21. Rc1 Rfc8
22. Rxc5 Rxc5 {die Stellung ist immer noch im Lot, Stockfish 0,00} 23. Ka2
Rc8 24. h4 Qc7 25. Qb3 h5 26. g3 Kf8 27. Kb1 Ke7 28. Rd1 Bg4 29. Re1 Be6
30. Ka2 g6 31. Re2 Qc1 32. b5 Kf6 33. b6 Rc3 34. Qb4 Rc4 35. Qb1 Qxb1+ 36.
Kxb1 axb6 37. Rb2 Bf5+ 38. Ka2 Ke5 39. Rxb6 Rc7 40. Kb3 Bd3 {die Stellung
ist immer noch im Lot, Stockfish 0,00} 41. Kb2 Ba6 42. a4 Ke4 43. Kb3 Bd3
44. Rb4 Bc4+ 45. Ka3 Kd3 46. a5 Ba6 47. Rb6 Rc1 48. Kb4 Rc4+ 49. Kb3 Rc3+
50. Kb2 Rc5 51. Rb3+ Ke4 52. Rb4 Ke5 53. Nb3 Rc4 54. Rb6 Rc7 55. Nd4 Ke4
56. Ka3 Rc3+ 57. Rb3? {der erste Fehler dieser Partie verliert sofort,
Stockfish +6,30 für Schwarz mit der Fortsetzung Kd3 und Weiss kann
aufgeben, ist für einen Menschen offensichtlich, der König macht das
Manöver über d3-d2-e1 und es ist vorbei für Weiss.} Rc1? {aber für den
Pewatronic ist es leider nicht offensichtlich, damit ist es gleich wieder
Remis, Stockfish 0,00} 58. Rb4 {besser ist Tb6 und Weiss hat das Remis
sicher, nach dem Textzug ist Schwarz leicht im Vorteil mit der Fortsetzung
Ta1+} Rf1 {führt zum Remis, Stockfish 0,00} 59. Nb3+? {der nächste Fehler,
der die Partie verliert, Stockfish +2,00 für Schwarz mit der Fortsetzung
Kd3, nötig war natürlich Tb2 und alles ist im Lot.} Kd3 60. Rf4? {ein
Katastrophenzug, danach ist alles aus, Stockfish +9,00 für Schwarz mit der
Fortsetzung Kc3, nötig war Sc5+ und Kampf war noch möglich} Kc3 61. Rb4 Bc4
62. Rxb7 Rb1 63. Ka2 Rb2+ {Stockfish Matt in 18} 64. Ka1 {ist schon egal
übersieht aber ein Matt in 9} Bxb3 {Matt in 8} 65. Rc7+ Bc4 {Rest
geschenkt} 0-1
[/pgn]
[pgn]

[Event "Turnier 40 / 120"]
[Site "Wien"]
[Date "2022.01.11"]
[Round "17"]
[White "Pewatronic Masterchess SH7034 - 24 MHZ"]
[Black "Mephisto Lyon 68020 - 12 MHZ"]
[Result "0-1"]
[BlackElo "2173"]
[WhiteElo "2155"]

1. e4 c6 2. c4 d5 3. exd5 cxd5 4. d4 Nf6 5. Nc3 e6 6. Nf3 Bb4 7. Bd3 dxc4
8. Bxc4 O-O 9. O-O b6 10. Bg5 Bb7 11. Re1 {Buchende} Nbd7 {Buchende} 12.
Rc1 {Buchbewertung Pewatronic Masterchess: -0,2} Qc7 {Buchbewertung
Mephisto Lyon 68020: +0,09 / lt. Stockfish steht Weiss knapp besser mit ca.
+0,30} 13. Bb3 Qd6 14. Ne5 Rac8 15. Nxf7 Rxf7 16. Bxe6 Rf8 17. Bh4 Kh8 18.
Bg3 Qc6? {deutlich besser ist De7 mit geringem Vorteil für Weiss, nach dem
Textzug ist die Partie praktisch verloren, Stockfish +2,00 für Weiss mit
der Fortsetzung d5} 19. d5 Qc5 20. a3 Bxc3 21. Rxc3 Qb5 22. Bxf7 {etwas
besser ist d6, Stockfish +1,50 für Weiss} Rxf7 23. d6 Nd5 24. Rc2 Rf8 25.
Qe2 {deutlich besser ist h3, Stockfish +0,70 für Weiss mit der Fortsetzung
Dxe2} Qb3 {ein schwacher Zug, der Weiss wieder ganz klar in Vorteil bringt,
Stockfish +1,70 mit der Fortsetzung h3} 26. Rd1 h6 27. Qc4? {deutlich
schwächer als h3, damit verspielt Weiss einen Grossteil des Vorteils,
Stockfish nur noch +0,40 für Weiss mit der Fortsetzung Dxc4} Qxc4 28. Rxc4
Re8 29. Ra4 a5 30. Rad4 Kg8 31. h3 N5f6 32. f3 Re6 33. Kf2 Ba6 34. R1d2 Bb7
35. b4 Re8? {ein schwacher Zug, der Weiss wieder klar in Vorteil bringt,
Stockfish +1,40 mit der Fortsetzung bxe5, nötig war axb4 mit geringem
Vorteil für Weiss.} 36. bxa5 bxa5 {besser ist Ta8} 37. Rc2 Nd5 38. Ra4 Ra8
39. Rb2 {etwas schwächer als Kg1, Weiss bleibt aber im Vorteil mit ca.
+1,00} Bc6 40. Rc4 Ra6 41. Rbc2 Bb7 42. Rd2 Rb6 43. Ra4 Rb5 44. Rad4 Rc5
45. Bh4 Bc6 {Weiss ist nur noch knapp im Vorteil mit ca. +0,40} 46. Bd8 Nc3
47. Bc7 Nb5 48. R4d3 Ne5 49. Bxa5? {was bitte soll das sein ? Diese
Schwäche habe ich beim Pewatronic schon öfters beobachtet, daß er völlig
unmotiviert die Qualität für einen Bauern hergibt, nach diesem Textzug ist
der Spiess umgedreht und Schwarz ist bereits im Vorteil mit ca. +0,80
(dieser Zug ist damit um ca. 2 Bauerneinheiten schlechter als Te3)} Nxd3+
50. Rxd3 Bd7 51. Ke3 Rc4 52. Kd2 {deutlich schwächer als Lb4, nach diesem
Zug könnte Schwarz schon deutlich in Vorteil kommen mit der Fortsetzung Sa7
mit +1,30} Kf7 {etwas schwächer als Sa7, Schwarz bleibt aber im Vorteil mit
ca. +1,00} 53. Bb4 g5 {wieder verdiente Sa7 klar den Vorzug, nach dem
Textzug ist Schwarz nur noch knapp im Vorteil mit ca. +0,50} 54. Ke3 Ke6
55. g3 Rc6 56. f4 gxf4+ 57. Kxf4 Nxd6 {leichten Vorteil versprach noch
Tc4+, aber auch nur +0,30, nach dem Textzug ist die Partie Remis, da in
weiterer Folge der letzte schwarze Bauer verloren geht, Stockfish 0,00} 58.
Bxd6 Rxd6 59. Rxd6+ Kxd6 60. g4 {der richtige Zug, Pewatronic erkennt aber
noch nicht, dass er den letzten Bauern bekommt, Bewertung -1,7} Ke6
{Mephisto Lyon 68020 sieht es auch noch nicht, ist aber nicht mehr so
optimistisch, nur noch +0,72} 61. Ke4 Kf6 62. Kf4 Bc6 63. Kg3 Ke5 64. Kh4
Be8 65. g5? {dazu sage ich nur Morsch und das Endspiel, da ist man niemals
sicher vor einer negativen Überraschung, dieses totale Blackout verliert
natürlich sofort, die Gründe braucht man wirklich nicht grossartig zu
erklären, spricht für sich, Stockfish +16,00 für Schwarz.} h5 66. a4 Kf5
67. a5 Kg6 68. a6 Bc6 69. a7 Ba8 70. Kg3 Kxg5 71. h4+ Kf5 72. Kf2 Kg4 {Rest
geschenkt} 0-1
[/pgn]
[pgn)

[Event "Turnier 40 / 120"]
[Site "Wien"]
[Date "2022.01.12"]
[Round "18"]
[White "Mephisto Lyon 68020 - 12 MHZ"]
[Black "Pewatronic Masterchess SH7304 - 24 MHZ"]
[Result "1-0"]
[BlackElo "2155"]
[WhiteElo "2173"]

1. e4 c6 2. Nc3 d5 3. d4 dxe4 4. Nxe4 Nf6 5. Nxf6+ exf6 {Buchende} 6. Nf3
Bd6 {Buchbewertung Pewatronic: -0,1} 7. Be2 {Buchende} O-O 8. O-O
{Buchbewertung Mephisto Lyon 68020: +0,18 / lt. Stockfish ist die Stellung
ausgeglichen.} c5 9. Be3 cxd4 10. Qxd4 Nc6 11. Qh4 Bf5 12. Rfd1 Re8 13. Qc4
Qc7 14. Qd5 Be5 15. Nxe5 Nxe5 16. c3 Bg4 17. f3 Nc6 18. fxg4 {besser ist
Dd2, nach dem Textzug ist Schwarz im Vorteil mit ca. +0,70} Rxe3 19. Bf1
Rae8 20. Kh1 R3e5 21. Qb3 {deutlich besser ist Df3, Stockfish +1,30 für
Schwarz mit der Fortsetzung g6} Qc8 {halbiert den Vorteil von Schwarz,
Stockfish +0,60} 22. h3 Re3 23. Rd3 R3e7 24. Rd6 f5 25. g5 Re5 26. Rad1
R5e7 27. Qd5 {die Stellung ist im Lot, Stockfish 0,00} Re5 28. Qd2 a6 29.
a3 R5e6 30. Rd7 R6e7 31. Rxe7 Rxe7 32. Bc4 Ne5 33. Qd8+ Re8 34. Qxc8 Rxc8
35. Bd5 Rd8 36. Kh2 Kf8 37. Kg3 Nc4? {deutlich besser ist b5 mit geringem
Vorteil für Weiss, nach dem Textzug ist Weiss mit ca. +1,20 im Vorteil mit
der Fortsetzung Td4} 38. Rd4 Nxb2 39. Bxb7 Rxd4? {deutlich besser ist Tb8,
nach dem Textzug ist Weiss bereits mit +2,00 im Vorteil} 40. cxd4 a5 41.
Bd5 {deutlich schwächer als Kf4, nach dem Textzug ist Weiss noch mit ca.
+1,20 im Vorteil} g6? {deutlich besser ist Sd3, nach dem Textzug ist die
Partie praktisch verloren, Stockfish +3,30 für Weiss mit der Fortsetzung
Lb3} 42. Kf4 Kg7? {deutlich besser ist Sa4, Stockfish +5,00 für Weiss mit
der Fortsetzung Ke5} 43. h4 {um 1,5 Bauerneinheiten schwächer als Ke5,
Stockfish +3,50 für Weiss} f6 44. h5? {um ganze 3 Bauerneinheiten !!
schwächer als Lb3, Stockfish +2,00 für Weiss mit der Fortsetzung gxh5}
fxg5+ {schwächer als gxh5, Stockfish +3,00 für Weiss.} 45. Kxg5 h6+ 46. Kf4
gxh5 47. Kxf5 Nd1 48. Ke6 Nf2 49. Bc4 h4 50. d5 Kf8 51. Kd7! {stark
gespielt, auf keinen Fall d6, denn dann kommt der schwarze König nach d8
und es ist nicht mehr leicht zu gewinnen.} Ne4 52. d6 Kg7 53. Kc6 Nf6 54.
d7 Nxd7 55. Kxd7 1-0
[/pgn]
[pgn]

[Event "Turnier 40 / 120"]
[Site "Wien"]
[Date "2022.01.12"]
[Round "19"]
[White "Pewatronic Masterchess SH7034 - 24 MHZ"]
[Black "Mephisto Lyon 68020 - 12 MHZ"]
[Result "0-1"]
[BlackElo "2173"]
[WhiteElo "2155"]

1. d4 d5 2. g3 Bf5 3. Bg2 Nf6 4. c4 e6 5. Nc3 {Buchende} c6 {Buchende} 6.
Qb3 {Buchbewertung Pewatronic Masterchess: 0,0} Qb6 {Buchbewertung Mephisto
Lyon 68020: -0,03 / lt. Stockfish ist die Stellung etwa gleich.} 7. Qxb6
{deutlich besser ist Sf3, nach dem Textzug ist Schwarz etwas im Vorteil mit
ca. +0,70} axb6 8. Bg5? {ein ganz schlechter Zug, der die Partie praktisch
schon verliert zumindest nach Mass von Stockfish +2,50 für Schwarz mit der
Fortsetzung dxc4} dxc4 9. e4 Bg4? {eindeutig das falsche Feld für den
Läufer, dieser gehört nach g6, halbiert den Vorteil, Stockfish +1,30 für
Schwarz} 10. f3 Bh5 11. Nge2 Nbd7 12. Nf4 Bg6 13. O-O {deutlich besser ist
h4, nach dem Textzug wird der schwarze Vorteil wieder deutlich grösser,
Stockfish +2,50 mit der Fortsetzung b5} Be7 14. Nxg6 hxg6 15. f4 Ng4 16.
Bxe7 Kxe7 17. h4 Ne3 18. Rfc1 Nf6 19. Bh3 Rhd8 20. Kf2 Neg4+ 21. Ke2 Nh6
22. Rd1 b5 23. Kf3 {deutlich besser ist a3, nach dem Textzug ist die Partie
praktisch schon verloren für Weiss, Stockfish +3,00 für Schwarz mit der
Fortsetzung b4} b4 24. Ne2 b5 25. g4 Nhg8 26. Bg2 Ra7 27. b3? {deutlich
besser ist g5, nach dem Textzug ist die Partie praktisch verloren,
Stockfish +4,00 für Schwarz mit der Fortsetzung Tda8} Rda8 28. Nc1 cxb3 29.
Nxb3 {Pewatronic ist hier viel zu optimistisch nur -0,4 / Stockfish -4,20}
Rxa2 {Mephisto Lyon 68020: +1,90 sieht sich schon ganz klar im Vorteil} 30.
Bh1 Rxa1 31. Rxa1 Ra3 32. Rb1 Kd8 33. Kg3 Nd7 34. Bf3 Kc7 35. Nc1 Ngf6 36.
Kg2 Rc3 37. Ne2 Rc2 38. Kf1 Rc4 39. Kf2 Nb6 40. Ra1 Na4 41. g5 Nd7 42. h5
gxh5 43. Bxh5 g6 44. Bf3 b3 45. Rb1 b2 46. Ke3 Rb4 47. Bg4 Ndb6 48. Kf3 Nc4
49. Kf2 Nd2 50. Rxb2 Rxb2 {Rest geschenkt.} 0-1
[/pgn]
[pgn]

[Event "Turnier 40 / 120"]
[Site "Wien"]
[Date "2022.01.13"]
[Round "20"]
[White "Mephisto Lyon 68020 - 12 MHZ"]
[Black "Pewatronic Masterchess SH7034 - 24 MHZ"]
[Result "1-0"]
[BlackElo "2155"]
[WhiteElo "2173"]

1. e4 c5 2. Nf3 e6 3. d4 cxd4 4. Nxd4 Nc6 5. Nc3 a6 {Buchende} 6. Bf4 Bb4
{ein schwacher Zug, der Weiss bereits ganz deutlich in Vorteil bringt,
Stockfish +1,80 mit der Fortsetzung Sxc6} 7. Nxc6 {Buchende} Bxc3+ 8. bxc3
bxc6 9. Qd6 Ne7 10. Be2 Ng6 {lt. Stockfish der beste Zug, trotzdem +2,00
für Weiss} 11. O-O? {ganz schwach, gibt das Läuferpaar auf und ermöglicht
es Schwarz zur Rochade zu kommen, damit verspielt Weiss nahezu den gesamten
Vorteil, nötig war natürlich das Manöver Le3-c5, um die schwarze Rochade zu
blockieren, nach dem Textzug ist Weiss nur noch knapp im Vorteil mit ca.
+0,40} Nxf4 12. Qxf4 O-O {Schwarz hätte besser daran getan, den
rückständigen D-Bauern los zu werden, deutlich besser ist d5, nach dem
Textzug ist Weiss wieder etwas im Vorteil mit ca. +0,80 mit der Fortsetzung
Dd6} 13. Rfb1? {im letzten Moment nach 12 Minuten Bedenkzeit bewertet der
Mephisto Lyon diesen schwachen Zug um 0,03 besser als den deutlich
stärkeren Zug Dd6, der rückständige Bauer d7 hätte Schwarz erheblich an der
Entwicklung gestört, nach dem Textzug ist jeglicher Vorteil dahin, Schwarz
kann mit dem Befreiungszug d5 Ausgleich erlangen.} d6? {warum nicht gleich
d5 ?} 14. Rd1 Qa5 {immer noch verdiente d5 den Vorzug} 15. Qxd6 Qxc3 16.
Qd3 Qxd3 17. Rxd3 a5 18. Rd6 Rb8 19. e5 Rb6 20. a4 Bb7 21. Bb5 Rc8?
{deutlich besser ist La8 mit geringem Vorteil für Weiss, nach dem Textzug
ist Weiss klar im Vorteil mit ca. +2,00 mit der Fortsetzung c4} 22. Rad1
{etwas schwächer als c4 Weiss bleibt aber klar im Vorteil mit ca. +1,50} g5
23. c4 h6? {deutlich mehr Widerstand bot Kg7, nach dem Textzug ist die
Partie verloren, Stockfish +5,50 für Weiss mit der Fortsetzung c5} 24. g3?
{ein merkwürdiger und sehr enttäuschender Zug, um 4,50 Bauerneinheiten
schlechter als c5, es ist doch offentsichtlich, dass der Turm b6 kein
Fluchtfeld hat, völlig unverständlich, nach dem Textzug ist Weiss nur noch
knapp im Vorteil mit ca. +0,70 mit der Fortsetzung cxb5} Kg7? {deutlich
schwächer als cxb5, Stockfish +2,00 für Weiss mit der Fortsetzung f4} 25.
Rb1? {verpasst neuerlich klaren Vorteil, Stockfish +0,60 für Weiss mit der
Fortsetzung cxb5} Ba6 {deutlich schwächer als cxb5, Stockfish +1,50 für
Weiss mit der Fortsetzung Ta1} 26. Ra1 Bxb5 {deutlich besser ist Tbc8, nach
dem Textzug ist Schwarz praktisch verloren, Stockfish +3,00 für Weiss mit
der Fortsetzung cxb5} 27. cxb5 Rcb8 28. Rxc6 Kg6 29. Rxb6 Rxb6 30. Rc1 Rb7
31. Rc6 Kf5 32. Ra6 Kxe5 33. Rxa5 f6 {die Stellung ist klar gewonnen für
Weiss, Stockfish +6,00} 34. Kg2 Ke4 35. Ra6 Kf5 36. b6 Ke4 37. a5 Rb8 38.
Ra7 Kd5 39. b7 Kc6 40. a6 h5 41. Ra8 Kc7 42. a7 Rxb7 43. Rc8+ Kxc8 44.
a8=Q+ {die weisse Dame wütend ungestört im schwarzen Bauernlager,
Userentscheid: 1-0} 1-0
[/pgn]
[pgn]